000 00589nam a2200241 a 4500
001 nice12345678
003 IN_TiNIC
005 20260116012553.0
008 050524s0000 hyda grp 000 0 urd
020 _a
_c100
082 0 0 _a821
_bSAR
100 _aSarfraz, Ul Hasan
245 _aJohon Milton Ka Risala-E-Taleem.
260 _aHyderabad
_bOsmania University
_c0000
300 _a104p
500 _aincludes index and biblioraphy
505 2 _aIndex
650 _aEnglish-Poetry-milton
700 1 _aSarfraz, Ul Hasan
902 _bSRS
942 _cBK
999 _c7499
_d7499